000 00701nam a2200181 i 4500
001 39392
003 ES-MaACL
005 20250901205143.0
007 t|
008 030303s1970 sp ||||1| spa d
110 2 _aCámara Oficial de Comercio e Industria de Granada
_92377
245 1 0 _aResumen de actividades desarrolladas por estos servicios durante el año 1968 /
_cCámara Oficial de Comercio e Industria de la Provincia de Granada.
260 _aGranada :
_b[s.n.,
_c1970] (
_fImp. Ventura Hita)
300 _a93 p. ;
_c24 cm.
610 2 7 _aCámara Oficial de Comercio e Industria de Granada-
_vMemorias
_2
_9170440
852 _aES-MaACL
_jC-44095
_bR.73578
999 _c39392
_d39392